Engineering Metrology and Measusement/ (Record no. 211621)

MARC details
000 -LEADER
fixed length control field 00623nam a2200193 4500
005 - DATE AND TIME OF LATEST TRANSACTION
control field 20250605151031.0
010 ## - LCCN (DPL NO)
LC control number ENG-145229
020 ## - INTERNATIONAL STANDARD BOOK NUMBER
Terms of availability 425.00
International Standard Book Number 9789386235527
035 ## - SYSTEM CONTROL NUMBER
System control number EN-128761
037 ## - SOURCE OF ACQUISITION
Source of stock number/acquisition DBAD
082 ## - DEWEY DECIMAL CLASSIFICATION NUMBER
Classification number 320.0044
100 ## - MAIN ENTRY--PERSONAL NAME
Personal name Duraivelu, K
245 ## - TITLE STATEMENT
Title Engineering Metrology and Measusement/
Statement of responsibility, etc K Duraivelu [and] S Karthikeyan
260 ## - PUBLICATION, DISTRIBUTION, ETC. (IMPRINT)
Place of publication, distribution, etc Hyderabad
Name of publisher, distributor, etc Universities Press (India) Pvt. Ltd.
Date of publication, distribution, etc 2018
270 ## - ADDRESS
Address 3-6-747/A & 3-6-754/1, Himayatnagar
City Hyderabad
Postal code 500029
300 ## - PHYSICAL DESCRIPTION
Extent xv, 400p.
Dimensions 24cm(pb)
700 ## - ADDED ENTRY--PERSONAL NAME
Personal name Karthikeyan, S
9 (RLIN) 81724
942 ## - ADDED ENTRY ELEMENTS (KOHA)
Source of classification or shelving scheme Dewey Decimal Classification
Item type English Books
Classification part 320.0044
Call number suffix DUR
Holdings
Withdrawn status Lost status Not for loan Collection code Home library Current library Date acquired Source of acquisition Cost, normal purchase price Full call number Barcode Copy number Cost, replacement price Koha item type
      Non-fiction RC3 Shakur Pur RC3 Shakur Pur 05/06/2025 Delivery of Books Act Division 425.00 320.0044 DUR EN-128761 1 425.00 English Books

© Delhi Public Library
Hit Counter
free hit counter